States with the Letter E Quiz Stats

Quiz Updated Sep 18, 2014

Also try: 'O'-Less States
Challenge
Share
Tweet
Embed
Score 0/20 Timer 02:00
3 Plays Today
State % Correct
New York
94.9%
Texas
90.2%
Maine
90.1%
New Mexico
89.1%
New Jersey
86.8%
New Hampshire
86%
Oregon
85.4%
Georgia
84.3%
Tennessee
80.9%
Vermont
78.4%
State % Correct
Kentucky
77.7%
Delaware
77.4%
Nevada
76.5%
Pennsylvania
75%
West Virginia
72.7%
Nebraska
72.4%
Rhode Island
71.1%
Minnesota
70.6%
Connecticut
66.2%
Massachusetts
60.7%

You're not logged in!

Compare scores with friends on all Sporcle quizzes.
Sign Up with Email
OR
Log In

You Might Also Like...

Show Comments

Extras

Top Quizzes Today


Score Distribution

Your Account Isn't Verified!

In order to create a playlist on Sporcle, you need to verify the email address you used during registration. Go to your Sporcle Settings to finish the process.